[Event "XI Weekend B"]
[Site "Gorgonzola ITA"]
[Date "2006.11.12"]
[Round "3"]
[White "De La Pena, Elmer"]
[Black "Rossi, Giampiero"]
[Result "1-0"]
[WhiteElo "1892"]
[BlackElo "1976"]
[PlyCount "33"]
[EventDate "2006.11.11"]

1. d4 d5 2. c4 e6 3. Nc3 c6 4. Nf3 Nf6 5. Bg5 Nbd7 6. e3 Qa5 7. Bxf6 Nxf6 8.
Nd2 Bb4 9. Qc2 O-O 10. Bd3 dxc4 11. Bxc4 e5 12. Nb3 Bxc3+ 13. bxc3 Qc7 14. Bd3
Re8 15. Nc5 g6 16. O-O b6 17. Na4 {...} 1-0

[Event "XI Weekend B"]
[Site "Gorgonzola ITA"]
[Date "2006.11.12"]
[Round "3"]
[White "Eynard, Valdo"]
[Black "Cartella, Giovanni"]
[Result "1/2-1/2"]
[WhiteElo "1986"]
[BlackElo "1851"]
[PlyCount "88"]
[EventDate "2006.11.11"]

1. e4 c5 2. Nf3 d6 3. d4 cxd4 4. Nxd4 Nf6 5. Nc3 a6 6. Be2 e6 7. a4 Be7 8. O-O
O-O 9. Be3 Qc7 10. a5 Nbd7 11. f4 b5 12. axb6 Nxb6 13. f5 e5 14. Nb3 Bb7 15.
Bd3 Nc4 16. Bxc4 Qxc4 17. Na5 Qc7 18. Nxb7 Qxb7 19. Qd3 Ng4 20. Nd5 Bd8 21. b3
Nxe3 22. Qxe3 Rb8 23. Kh1 f6 24. Qd3 a5 25. Rf3 Bb6 26. Rh3 Bc5 27. Qe2 Bb4 28.
Qh5 h6 29. Qg6 Kh8 30. g4 Qf7 31. Qxf7 Rxf7 32. Rd3 Rd7 33. Kg2 Kg8 34. Kf3 Kf7
35. h4 Ke8 36. Rh1 Rf7 37. g5 Kd7 38. Rg1 fxg5 39. hxg5 hxg5 40. Rxg5 Bc5 41.
Rd2 Rh8 42. Rdg2 Rh7 43. Rg6 Kc6 44. c4 Rb7 1/2-1/2

[Event "XI Weekend B"]
[Site "Gorgonzola ITA"]
[Date "2006.11.12"]
[Round "3"]
[White "Fiorili, Roberto"]
[Black "Bisignano, Giuseppe"]
[Result "1/2-1/2"]
[WhiteElo "1942"]
[BlackElo "1921"]
[PlyCount "81"]
[EventDate "2006.11.11"]

1. e4 e5 2. Nf3 Nc6 3. d4 exd4 4. Nxd4 Bc5 5. Be3 Qf6 6. c3 d6 7. Be2 Nge7 8.
O-O O-O 9. Qd2 Qg6 10. Nxc6 Nxc6 11. Bxc5 dxc5 12. f3 Bh3 13. Rf2 Rad8 14. Qe3
f5 15. Kh1 f4 16. Qxc5 Be6 17. Na3 Kh8 18. Bc4 Qf6 19. Bxe6 Qxe6 20. Qc4 Qd7
21. Qe2 Ne5 22. h3 a6 23. Nc4 Nd3 24. Rff1 b5 25. Na3 c5 26. Kg1 b4 27. Nc4 Qb5
28. b3 bxc3 29. Rad1 Nb2 30. Rd5 Rxd5 31. exd5 Re8 32. Qc2 Nxc4 33. bxc4 Qxc4
34. Rd1 Rd8 35. d6 Qe6 36. Qxc3 Rxd6 37. Re1 Qc8 38. Re7 Qf8 39. Qe5 Rd8 40.
Qxc5 h6 41. Qe5 1/2-1/2

[Event "XI Weekend B"]
[Site "Gorgonzola ITA"]
[Date "2006.11.12"]
[Round "3"]
[White "Lanni, Vincenzo"]
[Black "Cervini, Gian Piero"]
[Result "1/2-1/2"]
[WhiteElo "1784"]
[BlackElo "1808"]
[PlyCount "69"]
[EventDate "2006.11.11"]

1. d4 Nf6 2. g3 g6 3. Bg2 Bg7 4. Nf3 d5 5. O-O O-O 6. Nbd2 Nbd7 7. c3 Re8 8.
Qc2 e5 9. Nxe5 Nxe5 10. dxe5 Rxe5 11. Nf3 Bf5 12. Qb3 Rxe2 13. Nd4 Re7 14. Nxf5
gxf5 15. Qxb7 c5 16. Qa6 Qb6 17. Qxb6 axb6 18. Bg5 Rd8 19. Rfe1 Rxe1+ 20. Rxe1
h6 21. Bxf6 Bxf6 22. Bh3 f4 23. gxf4 d4 24. cxd4 Rxd4 25. Re2 Rxf4 26. b3 Bd4
27. Bd7 f6 28. Bc6 Be5 29. h3 Kf7 30. Kg2 Ke6 31. Re4 Kf5 32. Rxf4+ Kxf4 33. a4
Bd4 34. Bd5 Ke5 35. Bg8 1/2-1/2

[Event "XI Weekend B"]
[Site "Gorgonzola ITA"]
[Date "2006.11.12"]
[Round "3"]
[White "Masotti, Roberto"]
[Black "Primerano, Carlo"]
[Result "1-0"]
[WhiteElo "1892"]
[BlackElo "1758"]
[PlyCount "63"]
[EventDate "2006.11.11"]

1. Nf3 d5 2. d4 e6 3. c4 Nf6 4. Nc3 Bb4 5. cxd5 exd5 6. Bg5 c6 7. e3 Bf5 8. Qb3
Bxc3+ 9. bxc3 Qb6 10. Bxf6 gxf6 11. Nh4 Qxb3 12. axb3 Bg6 13. Be2 Nd7 14. O-O
h5 15. Ra3 Ke7 16. Rfa1 a6 17. b4 Nb6 18. Nxg6+ fxg6 19. Bd3 f5 20. f3 Kd6 21.
e4 fxe4 22. fxe4 dxe4 23. Bxe4 Nc4 24. R3a2 g5 25. Bd3 Kd5 26. Rf2 Rhf8 27.
Raf1 Rxf2 28. Rxf2 Ne3 29. Re2 Nc4 30. Bg6 h4 31. Bf7+ Kd6 32. Bxc4 1-0

[Event "XI Weekend B"]
[Site "Gorgonzola ITA"]
[Date "2006.11.12"]
[Round "3"]
[White "Murli, Almerico"]
[Black "Regorda, Vittorio"]
[Result "1/2-1/2"]
[WhiteElo "1889"]
[BlackElo "1885"]
[PlyCount "28"]
[EventDate "2006.11.11"]

1. e4 e6 2. d4 d5 3. Nd2 Nc6 4. Ngf3 Nf6 5. e5 Nd7 6. c3 Be7 7. Bd3 O-O 8. O-O
f6 9. exf6 Nxf6 10. Re1 Bd6 11. Nf1 Qe8 12. Ng3 Bxg3 13. hxg3 Qh5 14. Ne5 Qxd1
1/2-1/2

[Event "XI Weekend B"]
[Site "Gorgonzola ITA"]
[Date "2006.11.12"]
[Round "3"]
[White "Oteri, Aldo"]
[Black "Cambieri, Mario"]
[Result "1-0"]
[WhiteElo "1954"]
[BlackElo "1877"]
[PlyCount "67"]
[EventDate "2006.11.11"]

1. e4 c5 2. Nf3 d6 3. d4 cxd4 4. Nxd4 Nf6 5. Nc3 g6 6. Be3 Bd7 7. f3 Nc6 8. Qd2
Bg7 9. O-O-O O-O 10. g4 Rc8 11. h4 Nb4 12. Kb1 Qa5 13. a3 Nc6 14. h5 Ne5 15.
hxg6 fxg6 16. Nb3 Qd8 17. Be2 b5 18. Bxa7 Nc4 19. Bxc4+ bxc4 20. Nc1 Ra8 21.
Bd4 Rf7 22. N1e2 Qb8 23. Ka1 Qb7 24. g5 Ne8 25. Bxg7 Nxg7 26. f4 Rb8 27. Rb1
Be6 28. Ng3 Ra8 29. Qh2 Nh5 30. Nxh5 Qb4 31. Na2 Qc5 32. c3 d5 33. f5 Bd7 34.
fxg6 1-0

[Event "XI Weekend B"]
[Site "Gorgonzola ITA"]
[Date "2006.11.12"]
[Round "3"]
[White "Pulcini, Giorgio"]
[Black "Olivo, Mario"]
[Result "0-1"]
[WhiteElo "1762"]
[BlackElo "1954"]
[PlyCount "106"]
[EventDate "2006.11.11"]

1. e4 c5 2. Nf3 d6 3. Bc4 e6 4. Nc3 a6 5. a4 Nc6 6. d4 cxd4 7. Nxd4 Bd7 8. O-O
Nf6 9. Bg5 Be7 10. f4 Qc7 11. f5 Nxd4 12. Qxd4 d5 13. Nxd5 exd5 14. Qd2 Qxc4
15. exd5 Qxd5 16. Qe2 Qe4 17. Qd2 O-O-O 18. Qc3+ Bc6 19. Rf3 Qb4 20. Bxf6 gxf6
21. Rh3 Qxc3 22. Rxc3 Rhg8 23. g3 Rd2 24. b4 Rg2+ 25. Kf1 Bxb4 26. Rxc6+ bxc6
27. Kxg2 Rd8 28. Rb1 Rd2+ 29. Kh3 a5 30. Re1 Rxh2+ 31. Kxh2 Bxe1 32. Kh3 Kd7
33. Kh4 Kd6 34. Kg4 Ke5 35. c4 Kd4 36. Kh5 Bd2 37. g4 Kxc4 38. Kh4 Kb4 39. Kg3
Kxa4 40. Kf3 Kb3 41. Ke4 a4 42. Kd3 Bg5 43. Kd4 a3 44. Kc5 a2 45. Kxc6 a1=Q 46.
Kd7 Qe5 47. Kc6 Kc4 48. Kb6 Qc5+ 49. Kb7 Bf4 50. Ka6 Qb4 51. Ka7 Kc5 52. g5 Kc6
53. Ka8 Qb7# 0-1

[Event "XI Weekend B"]
[Site "Gorgonzola ITA"]
[Date "2006.11.12"]
[Round "3"]
[White "Regorda, Massimiliano"]
[Black "Bernago, Federico"]
[Result "1/2-1/2"]
[WhiteElo "1862"]
[BlackElo "1990"]
[PlyCount "20"]
[EventDate "2006.11.11"]

1. e4 c5 2. Nf3 e6 3. d4 cxd4 4. Nxd4 a6 5. Nc3 Qc7 6. Bd3 Nf6 7. O-O d6 8. Kh1
Nbd7 9. f4 b5 10. a3 Bb7 1/2-1/2

[Event "XI Weekend B"]
[Site "Gorgonzola ITA"]
[Date "2006.11.12"]
[Round "3"]
[White "Saccani, Ettore"]
[Black "Marino, Marco"]
[Result "1-0"]
[WhiteElo "1917"]
[BlackElo "1863"]
[PlyCount "73"]
[EventDate "2006.11.11"]

1. e4 c5 2. c3 Nf6 3. d3 Nc6 4. Nf3 d6 5. Bg5 e6 6. Nbd2 Be7 7. d4 cxd4 8. cxd4
O-O 9. Bd3 Qa5 10. O-O Nxd4 11. Nxd4 Qxg5 12. N2f3 Qc5 13. Rc1 Qb6 14. Qd2 Bd7
15. a3 Rfc8 16. e5 dxe5 17. Nxe5 Rxc1 18. Rxc1 Rc8 19. Nc4 Qd8 20. Qe3 b5 21.
Ne5 Rxc1+ 22. Qxc1 a6 23. Ndc6 Bxc6 24. Qxc6 Qd6 25. Qxd6 Bxd6 26. Nc6 Nd5 27.
Kf1 h5 28. h3 g6 29. Bc2 Nb6 30. Ke2 Kg7 31. Kd3 Kf6 32. Nb4 Bxb4 33. axb4 Nd5
34. Kd4 Ke7 35. Kc5 a5 36. bxa5 b4 37. Be4 1-0

[Event "XI Weekend B"]
[Site "Gorgonzola ITA"]
[Date "2006.11.12"]
[Round "3"]
[White "Savarese, Vincenzo"]
[Black "Bettini, Massimo"]
[Result "0-1"]
[WhiteElo "1865"]
[BlackElo "1860"]
[PlyCount "36"]
[EventDate "2006.11.11"]

1. e4 e5 2. Nf3 Nc6 3. d4 exd4 4. Nxd4 Qh4 5. Nc3 Bb4 6. Ndb5 Ba5 7. Na3 Qxe4+
8. Be2 Qxg2 9. Bf3 Bxc3+ 10. bxc3 Qg6 11. Nb5 Kd8 12. Bf4 d6 13. Qd2 Qe6+ 14.
Kd1 Qh3 15. Bg5+ f6 16. Qf4 Ne5 17. Nd4 Nxf3 18. Nxf3 Bg4 0-1

[Event "XI Weekend B"]
[Site "Gorgonzola ITA"]
[Date "2006.11.12"]
[Round "3"]
[White "Scarpellini, Felice"]
[Black "Crippa, Mario"]
[Result "1/2-1/2"]
[WhiteElo "1887"]
[BlackElo "1895"]
[PlyCount "134"]
[EventDate "2006.11.11"]

1. c4 Nf6 2. Nc3 c5 3. g3 Nc6 4. Bg2 e6 5. Nf3 d5 6. cxd5 exd5 7. d4 Be7 8. O-O
O-O 9. e3 Bg4 10. a3 Rb8 11. dxc5 Bxc5 12. b4 Bb6 13. Qb3 Be6 14. Qd1 a6 15.
Bb2 Qe7 16. Na4 Ba7 17. Rc1 Nd7 18. Nd4 Nce5 19. Nc3 Nc4 20. Qe2 Nf6 21. Bxd5
Nxb2 22. Bxe6 fxe6 23. Qxb2 Kh8 24. Qb3 Bxd4 25. exd4 Qd6 26. Ne2 Nd5 27. Qc2
Qe7 28. Qe4 Nf6 29. Qh4 e5 30. dxe5 Qxe5 31. Nf4 g5 32. Ng6+ Kg7 33. Nxe5 gxh4
34. Rc7+ Kh6 35. Nd7 Nxd7 36. Rxd7 Rf3 37. Re1 Rbf8 38. Re6+ Kg5 39. Rd5+ R8f5
40. Rxf5+ Rxf5 41. gxh4+ Kxh4 42. Re7 h5 43. Rxb7 Rf3 44. a4 Ra3 45. Kg2 Rxa4
46. b5 a5 47. Ra7 Ra3 48. b6 Rb3 49. Rxa5 Rxb6 50. Ra4+ Kg5 51. h4+ Kf5 52.
Ra5+ Kg4 53. Ra4+ Kf5 54. Kh3 Rb3+ 55. Kg2 Rb5 56. Kg3 Rb3+ 57. f3 Rb5 58. Rf4+
Kg6 59. Rf8 Kg7 60. Re8 Kf7 61. Re4 Kg6 62. Kf4 Rf5+ 63. Kg3 Rc5 64. Re2 Kf7
65. Rb2 Kg6 66. Rg2 Kh6 67. Kf4 Ra5 1/2-1/2

[Event "XI Weekend B"]
[Site "Gorgonzola ITA"]
[Date "2006.11.12"]
[Round "3"]
[White "Villalba, Fernando"]
[Black "Santandrea, Marco"]
[Result "0-1"]
[WhiteElo "1911"]
[BlackElo "1829"]
[PlyCount "38"]
[EventDate "2006.11.11"]

1. e4 c6 2. d4 d5 3. exd5 cxd5 4. Nf3 Nf6 5. c3 Nc6 6. Bd3 Bg4 7. Nbd2 e6 8.
Qc2 Rc8 9. O-O Bd6 10. h3 Bxf3 11. Nxf3 h6 12. Be3 O-O 13. Qd2 Ne4 14. Bxe4
dxe4 15. Nh2 Bxh2+ 16. Kxh2 f5 17. f3 exf3 18. Rxf3 g5 19. Raf1 19... f4 {...}
0-1

[Event "XI Weekend B"]
[Site "Gorgonzola ITA"]
[Date "2006.11.12"]
[Round "3"]
[White "Virzi, Ettore"]
[Black "Carbone, Lorenzo"]
[Result "1-0"]
[WhiteElo "1967"]
[BlackElo "1820"]
[PlyCount "49"]
[EventDate "2006.11.11"]

1. e4 c5 2. Nf3 d6 3. d4 cxd4 4. Nxd4 Nf6 5. Nc3 a6 6. Bg5 e6 7. f4 Be7 8. Qf3
Qc7 9. O-O-O b5 10. Bd3 Bb7 11. Rhe1 O-O 12. Qh3 g6 13. Qh4 b4 14. Nce2 Nbd7
15. f5 exf5 16. exf5 Rfe8 17. fxg6 hxg6 18. Bxg6 fxg6 19. Ne6 Qa5 20. Qh6 Bf8
21. Qxg6+ Kh8 22. Bxf6+ Nxf6 23. Qxf6+ Kg8 24. Qg6+ Kh8 25. Rd4 1-0

[Event "XI Weekend B"]
[Site "Gorgonzola ITA"]
[Date "2006.11.18"]
[Round "4"]
[White "Acunzo, Domenico"]
[Black "Saccani, Ettore"]
[Result "1-0"]
[WhiteElo "1778"]
[BlackElo "1917"]
[PlyCount "63"]
[EventDate "2006.11.11"]

1. e4 e6 2. d4 d5 3. Nc3 Bb4 4. e5 c5 5. a3 Bxc3+ 6. bxc3 Ne7 7. Qg4 Qc7 8.
Qxg7 Rg8 9. Qxh7 cxd4 10. Ne2 Nbc6 11. f4 dxc3 12. Qd3 Bd7 13. Qxc3 Nf5 14. h3
O-O-O 15. g4 d4 16. Qd3 Nh4 17. Qg3 Ng6 18. Rb1 Qa5+ 19. Bd2 Qa4 20. Qd3 Nge7
21. Bg2 Nf5 22. Kf2 Nh4 23. Be4 Be8 24. Rb2 Na5 25. Bxa5 Qxa5 26. Rxb7 Qc5 27.
Rhb1 Bc6 28. Qa6 d3+ 29. Ke1 d2+ 30. Kd1 Qxc2+ 31. Kxc2 Bxe4+ 32. Kd1 1-0

[Event "XI Weekend B"]
[Site "Gorgonzola ITA"]
[Date "2006.11.18"]
[Round "4"]
[White "Bernago, Federico"]
[Black "Barrera, Pietro"]
[Result "1/2-1/2"]
[WhiteElo "1990"]
[BlackElo "1839"]
[PlyCount "86"]
[EventDate "2006.11.11"]

1. e4 c5 2. Nf3 Nc6 3. d3 g6 4. g3 Bg7 5. Bg2 d6 6. c3 Bg4 7. h3 Bxf3 8. Qxf3
Nf6 9. O-O O-O 10. Qe2 Nd7 11. f4 Rb8 12. Nd2 Qc7 13. a4 a6 14. Nc4 b5 15. axb5
axb5 16. Ne3 e6 17. f5 b4 18. Qc2 bxc3 19. bxc3 Nce5 20. Bd2 Rb6 21. Rab1 Rfb8
22. Rxb6 Qxb6 23. Bc1 Qb3 24. Qd2 Ra8 25. d4 cxd4 26. cxd4 Ra2 27. Qd1 Qxd1 28.
Rxd1 Nc6 29. d5 exd5 30. Nxd5 Nd4 31. Bf4 Ne2+ 32. Kh2 Be5 33. Bxe5 Nxe5 34. f6
h5 35. Ne7+ Kh7 36. Rxd6 Nc4 37. Rd8 Ne3 38. Rg8 Nd4 39. Rg7+ Kh6 40. h4 Ng4+
41. Kh3 Nf2+ 42. Kh2 Ng4+ 43. Kh3 Nf2+ 1/2-1/2

[Event "XI Weekend B"]
[Site "Gorgonzola ITA"]
[Date "2006.11.18"]
[Round "4"]
[White "Bettini, Massimo"]
[Black "Riboldi, Raffaele"]
[Result "1-0"]
[WhiteElo "1860"]
[BlackElo "1927"]
[PlyCount "83"]
[EventDate "2006.11.11"]

1. e4 e6 2. d4 d5 3. Nc3 Bb4 4. e5 c5 5. a3 Bxc3+ 6. bxc3 Ne7 7. Qg4 O-O 8. Nf3
Qa5 9. Bd2 c4 10. Be2 Nbc6 11. h4 f6 12. h5 fxe5 13. dxe5 Nf5 14. Qh3 Bd7 15.
O-O Qc7 16. h6 g6 17. g4 Nfe7 18. Bg5 Rae8 19. Bf6 Qa5 20. Nd4 Nxd4 21. cxd4
Qd2 22. Qe3 Qxc2 23. Rac1 Qa4 24. Bd1 Qa5 25. Bc2 Qd8 26. f4 Rf7 27. f5 exf5
28. gxf5 Bxf5 29. Bxf5 Nxf5 30. Qg5 Qd7 31. Rf4 Qe6 32. Rcf1 Rxf6 33. exf6 Qe3+
34. Kg2 Qe2+ 35. R1f2 Ne3+ 36. Kg3 Nf1+ 37. Rxf1 Re3+ 38. R1f3 Rxf3+ 39. Rxf3
Qe1+ 40. Kh2 Qe2+ 41. Qg2 Qe1 42. Rf2 1-0

[Event "XI Weekend B"]
[Site "Gorgonzola ITA"]
[Date "2006.11.18"]
[Round "4"]
[White "Bisignano, Giuseppe"]
[Black "De La Pena, Elmer"]
[Result "1-0"]
[WhiteElo "1921"]
[BlackElo "1892"]
[PlyCount "81"]
[EventDate "2006.11.11"]

1. e4 c5 2. Nf3 g6 3. d4 cxd4 4. Nxd4 Nc6 5. Nxc6 bxc6 6. Qd4 Nf6 7. e5 Nd5 8.
e6 f6 9. exd7+ Bxd7 10. c4 Nb4 11. Na3 Bf5 12. Be3 e5 13. Qc3 Nd3+ 14. Bxd3
Qxd3 15. c5 Rb8 16. Qxd3 Bxd3 17. O-O-O e4 18. Rhe1 Kf7 19. f3 f5 20. fxe4 fxe4
21. Nc2 Rb5 22. b4 Bg7 23. a3 Re8 24. Rd2 a5 25. Rf2+ Kg8 26. Bd2 axb4 27. Bxb4
Rbb8 28. Ne3 Rf8 29. Rd2 Be5 30. g3 Bc3 31. Rxd3 Bxe1 32. Rd6 Bxb4 33. axb4
Rxb4 34. Rxc6 Rf2 35. Rb6 Ra4 36. c6 Ra1+ 37. Rb1 Rxb1+ 38. Kxb1 Rf6 39. Nd5
Kf7 40. Nxf6 e3 41. Kc2 1-0

[Event "XI Weekend B"]
[Site "Gorgonzola ITA"]
[Date "2006.11.18"]
[Round "4"]
[White "Cambieri, Mario"]
[Black "Cantu', Guido"]
[Result "1-0"]
[WhiteElo "1877"]
[BlackElo "1819"]
[PlyCount "51"]
[EventDate "2006.11.11"]

1. c4 Nf6 2. Nc3 e6 3. g3 Be7 4. Bg2 O-O 5. d4 d5 6. cxd5 exd5 7. Nf3 c6 8. O-O
Bf5 9. Bd2 Nbd7 10. Nh4 Be4 11. f3 Bg6 12. Nxg6 fxg6 13. e4 Qb6 14. Ne2 Rae8
15. Kh1 Bb4 16. e5 Bxd2 17. Qxd2 Nxe5 18. dxe5 Rxe5 19. Nf4 Rfe8 20. Rfe1 Rxe1+
21. Rxe1 Rxe1+ 22. Qxe1 Qxb2 23. Bh3 d4 24. Qe6+ Kh8 25. Qc8+ Ng8 26. Be6 1-0

[Event "XI Weekend B"]
[Site "Gorgonzola ITA"]
[Date "2006.11.18"]
[Round "4"]
[White "Cartella, Giovanni"]
[Black "Fiorili, Roberto"]
[Result "0-1"]
[WhiteElo "1851"]
[BlackElo "1942"]
[PlyCount "80"]
[EventDate "2006.11.11"]

1. d4 f5 2. Nf3 Nf6 3. Bf4 g6 4. e3 Bg7 5. c3 d6 6. Nbd2 h6 7. Bc4 e6 8. h3 Qe7
9. Qc2 O-O 10. O-O-O Bd7 11. g4 g5 12. Bg3 fxg4 13. hxg4 Nxg4 14. Qe4 Nf6 15.
Qxb7 Bc6 16. Qb3 Bd5 17. Bxd5 Nxd5 18. Qc2 Nd7 19. Ne1 Rab8 20. Nd3 e5 21. dxe5
dxe5 22. Ne4 Rb6 23. Nxe5 Nxe5 24. Rxd5 Nc4 25. Nxg5 hxg5 26. Qh7+ Kf7 27. Rhd1
Rh6 28. Qd3 Nd6 29. Bxd6 Rxd6 30. Qc4 Rxd5 31. Rxd5 Kg6 32. Qd3+ Kh6 33. Rd7
Qe5 34. Rd5 Qf6 35. f4 gxf4 36. Qe4 f3 37. Qg4 Kh7 38. Qc4 Qg6 39. Qf1 f2 40.
Qh3+ Kg8 0-1

[Event "XI Weekend B"]
[Site "Gorgonzola ITA"]
[Date "2006.11.18"]
[Round "4"]
[White "Casartelli, Fabio"]
[Black "Pulcini, Giorgio"]
[Result "1-0"]
[WhiteElo "1947"]
[BlackElo "1762"]
[PlyCount "105"]
[EventDate "2006.11.11"]

1. d4 d5 2. Nd2 Bf5 3. Ngf3 Nc6 4. c3 e6 5. e3 Bd6 6. b4 Qd7 7. Bb5 a6 8. Qa4
Nge7 9. Nh4 O-O 10. Be2 b5 11. Qb3 e5 12. Nxf5 Qxf5 13. a4 exd4 14. exd4 Qe6
15. Nf3 Ng6 16. axb5 axb5 17. Rxa8 Rxa8 18. Kd1 Bf4 19. Qb2 Na7 20. Re1 Qf5 21.
g3 Bd6 22. Qa2 c6 23. h4 Qd7 24. h5 Ne7 25. Nh4 Nec8 26. g4 Nb6 27. Nf5 Nac8
28. Qd2 Na4 29. Kc2 Nc5 30. dxc5 Qa7 31. Kd3 Bxc5 32. Qg5 f6 33. Qxg7+ Qxg7 34.
Nxg7 Bxf2 35. Rf1 Kxg7 36. Rxf2 h6 37. Be3 Nd6 38. Bxh6+ Kf7 39. g5 Ne4 40. g6+
Ke7 41. Rg2 Ra3 42. Bd2 Ra2 43. Bf3 Nxd2 44. Rxd2 Rxd2+ 45. Kxd2 Kf8 46. h6 Kg8
47. Bg4 d4 48. Be6+ Kh8 49. g7+ Kh7 50. g8=Q+ Kxh6 51. cxd4 c5 52. Bf5 cxb4 53.
Qg6# 1-0

[Event "XI Weekend B"]
[Site "Gorgonzola ITA"]
[Date "2006.11.18"]
[Round "4"]
[White "Crippa, Mario"]
[Black "Eynard, Valdo"]
[Result "0-1"]
[WhiteElo "1895"]
[BlackElo "1986"]
[PlyCount "62"]
[EventDate "2006.11.11"]

1. e4 c6 2. d4 d5 3. exd5 cxd5 4. c4 Nf6 5. Nc3 e6 6. Bg5 Be7 7. Nf3 O-O 8. Bd3
dxc4 9. Bxc4 Qa5 10. O-O Nc6 11. a3 a6 12. b4 Qc7 13. Qb3 b5 14. Bd3 Rd8 15.
Ne2 Bb7 16. Rac1 Qd7 17. Rfd1 Nd5 18. Bxe7 Ncxe7 19. Ne5 Qe8 20. Bb1 Rac8 21.
Qh3 Nf6 22. Nf4 Rxd4 23. Nxe6 Rxc1 24. Rxc1 Bc8 25. Qc3 Rd6 26. Nc7 Qd8 27. Bc2
Ned5 28. Nxd5 Nxd5 29. Qf3 Be6 30. Bf5 Qg5 31. Rc5 Qxf5 0-1

[Event "XI Weekend B"]
[Site "Gorgonzola ITA"]
[Date "2006.11.18"]
[Round "4"]
[White "Marino, Marco"]
[Black "Bongiorni, Gabriele"]
[Result "1-0"]
[WhiteElo "1863"]
[BlackElo "1793"]
[PlyCount "52"]
[EventDate "2006.11.11"]

1. e4 c5 2. Nf3 d6 3. d4 cxd4 4. Nxd4 Nf6 5. Nc3 g6 6. Be3 Bg7 7. Be2 Nc6 8.
Nb3 Bd7 9. O-O O-O 10. f4 a6 11. a4 Rc8 12. a5 Nb4 13. Bb6 Qe8 14. e5 Nh5 15.
g4 Nxf4 16. Rxf4 Bxe5 17. Rxb4 Rxc3 18. bxc3 Bxc3 19. Rc4 Bxa1 20. Qxa1 Bb5 21.
Re4 Qc6 22. Rxe7 Bxe2 23. Rxe2 Qf3 24. Qf1 Qxg4+ 25. Qg2 Qc4 26. Nd4 f5 1-0

[Event "XI Weekend B"]
[Site "Gorgonzola ITA"]
[Date "2006.11.18"]
[Round "4"]
[White "Masotti, Roberto"]
[Black "Regorda, Massimiliano"]
[Result "1/2-1/2"]
[WhiteElo "1892"]
[BlackElo "1862"]
[PlyCount "130"]
[EventDate "2006.11.11"]

1. Nf3 d5 2. d4 e6 3. c4 c5 4. cxd5 exd5 5. Nc3 Nc6 6. g3 Nf6 7. Bg2 Be6 8. O-O
Be7 9. Bg5 O-O 10. Rc1 c4 11. Ne5 h6 12. Bxf6 Bxf6 13. f4 Qb6 14. Nxc6 bxc6 15.
e3 Qxb2 16. Rf2 Qb6 17. Na4 Qc7 18. f5 Bd7 19. Nc5 Be7 20. e4 Bg5 21. Rc3 dxe4
22. Nxe4 Qa5 23. Qf3 Be7 24. Rxc4 Rab8 25. Nc5 Bxc5 26. Rxc5 Rb1+ 27. Bf1 Qb4
28. Qc3 Rb8 29. Kg2 Qxc3 30. Rxc3 R1b2 31. Bd3 Rxf2+ 32. Kxf2 Rb2+ 33. Rc2 Rb4
34. Ke3 Kf8 35. g4 Ke7 36. Bc4 g6 37. fxg6 fxg6 38. h3 Ra4 39. Bb3 Ra3 40. Kf4
Kf6 41. Rc5 g5+ 42. Ke4 a5 43. Rc3 Ke7 44. Rf3 Be8 45. Re3 Kd6 46. Kf3 Bd7 47.
Ke4 a4 48. Bc4 Rxe3+ 49. Kxe3 Be8 50. a3 Bg6 51. Bg8 Bc2 52. Bf7 c5 53. Bc4 Kc6
54. dxc5 Kxc5 55. Bf7 Kb5 56. Kd4 Bd1 57. Bd5 h5 58. gxh5 Bxh5 59. Ke5 Be2 60.
Be6 Kc5 61. Bc8 Kc6 62. Kf6 Kc5 63. Kxg5 Kd4 64. h4 Kc3 65. h5 Bxh5 1/2-1/2

[Event "XI Weekend B"]
[Site "Gorgonzola ITA"]
[Date "2006.11.18"]
[Round "4"]
[White "Milanesi, Erminio"]
[Black "Murli, Almerico"]
[Result "1/2-1/2"]
[WhiteElo "1879"]
[BlackElo "1889"]
[PlyCount "68"]
[EventDate "2006.11.11"]

1. e4 g6 2. g3 Bg7 3. Bg2 d6 4. Nh3 Nf6 5. O-O O-O 6. Nc3 e5 7. d3 Nc6 8. Ne2
Bd7 9. f3 Qc8 10. Nf2 Nh5 11. g4 Nf4 12. Nxf4 exf4 13. c3 g5 14. h4 h6 15. hxg5
hxg5 16. Nh3 Qd8 17. Kf2 Bf6 18. Rh1 Kg7 19. Ng1 Rh8 20. Ne2 Qe7 21. Bd2 Rxh1
22. Bxh1 Rh8 23. Qb3 b5 24. Bg2 Ne5 25. Qc2 Qe8 26. b3 Rh2 27. d4 Ng6 28. Rh1
Qh8 29. Qd1 Qh4+ 30. Kg1 Rxh1+ 31. Bxh1 Qh8 32. Nc1 b4 33. Qe1 c5 34. Ne2 cxd4
1/2-1/2

[Event "XI Weekend B"]
[Site "Gorgonzola ITA"]
[Date "2006.11.18"]
[Round "4"]
[White "Olivo, Mario"]
[Black "Carbone, Lorenzo"]
[Result "1/2-1/2"]
[WhiteElo "1954"]
[BlackElo "1820"]
[PlyCount "45"]
[EventDate "2006.11.11"]

1. c4 c5 2. g3 e6 3. Bg2 Be7 4. Nc3 Nf6 5. e3 O-O 6. Nge2 Nc6 7. O-O d6 8. Rb1
Ne5 9. d3 Rb8 10. a3 a6 11. f4 Ng6 12. e4 b5 13. cxb5 axb5 14. h3 b4 15. axb4
Rxb4 16. Bd2 Ba6 17. Qc2 Qc7 18. Na2 Rbb8 19. Rfc1 Rfc8 20. b3 Qb6 21. Kh2 Qb5
22. Qc4 Qb6 23. Qc2 1/2-1/2

[Event "XI Weekend B"]
[Site "Gorgonzola ITA"]
[Date "2006.11.18"]
[Round "4"]
[White "Primerano, Carlo"]
[Black "Conti, Walter"]
[Result "1/2-1/2"]
[WhiteElo "1758"]
[BlackElo "1806"]
[PlyCount "79"]
[EventDate "2006.11.11"]

1. d4 f5 2. c4 g6 3. Nc3 Bg7 4. Bf4 Nf6 5. f3 d6 6. d5 e5 7. dxe6 Bxe6 8. e4
fxe4 9. fxe4 Nh5 10. Be3 O-O 11. Nf3 Nc6 12. Qd2 Ne5 13. Nxe5 Bxe5 14. O-O-O a5
15. g3 Nf6 16. Bd3 Qd7 17. Rdf1 Rf7 18. Bf4 Bh3 19. Rf2 Bd4 20. Be3 Bxe3 21.
Qxe3 Ng4 22. Rxf7 Qxf7 23. Qd4 Rf8 24. Nd1 Nf2 25. Re1 Nxd1 26. Rxd1 b6 27. Qd5
Be6 28. Qd4 Qf2 29. Qxf2 Rxf2 30. Rd2 Rf6 31. Kc2 Kf7 32. Kc3 Ke7 33. Kd4 c5+
34. Ke3 g5 35. Rf2 h6 36. Rxf6 Kxf6 37. Be2 Ke5 38. Bd3 Bg4 39. Bc2 Bh3 40. Bd3
1/2-1/2

[Event "XI Weekend B"]
[Site "Gorgonzola ITA"]
[Date "2006.11.18"]
[Round "4"]
[White "Regorda, Vittorio"]
[Black "Cervini, Gian Piero"]
[Result "1/2-1/2"]
[WhiteElo "1885"]
[BlackElo "1808"]
[PlyCount "129"]
[EventDate "2006.11.11"]

1. c4 Nf6 2. Nc3 g6 3. d4 Bg7 4. e4 d6 5. f3 O-O 6. Be3 c6 7. Qd2 Qa5 8. Nge2
b5 9. Nc1 bxc4 10. Bxc4 Ba6 11. Nb3 Qb6 12. Bxa6 Nxa6 13. O-O Rfe8 14. Nc1 Rad8
15. N1e2 Nd7 16. f4 Nc7 17. Ng3 e6 18. h4 Nb5 19. Nce2 Nf6 20. a4 Nc7 21. f5 c5
22. fxg6 fxg6 23. Bg5 cxd4 24. Kh1 Rf8 25. Qxd4 Qxd4 26. Nxd4 Rb8 27. Nc6 Rxb2
28. Rf3 Nd7 29. Rxf8+ Kxf8 30. Rf1+ Ke8 31. Nxa7 Ne5 32. Rd1 Kd7 33. h5 Rb7 34.
Nb5 Nxb5 35. axb5 Rxb5 36. h6 Bf8 37. Ra1 Kc8 38. Ra8+ Rb8 39. Ra7 Ng4 40. Kg1
d5 41. Kf1 Bxh6 42. Bxh6 Nxh6 43. Rxh7 Ng4 44. exd5 exd5 45. Rh8+ Kc7 46. Rxb8
Kxb8 47. Ke2 Kc7 48. Kd3 Kd6 49. Kd4 Nh6 50. Ne2 Nf5+ 51. Kd3 Ke5 52. Nc3 g5
53. Ne2 g4 54. Nc3 g3 55. Ne2 d4 56. Nc1 Kd5 57. Ne2 Ke5 58. Nc1 Ne3 59. Ne2
Nxg2 60. Nxg3 Nf4+ 61. Kd2 Kd5 62. Nf5 d3 63. Ke3 Ke5 64. Ng3 Kd5 65. Nf5
1/2-1/2

[Event "XI Weekend B"]
[Site "Gorgonzola ITA"]
[Date "2006.11.18"]
[Round "4"]
[White "Rossi, Giampiero"]
[Black "Ciciotti, Augusto"]
[Result "1-0"]
[WhiteElo "1976"]
[BlackElo "1909"]
[PlyCount "79"]
[EventDate "2006.11.11"]

1. d4 Nf6 2. c4 g6 3. g3 d5 4. cxd5 Qxd5 5. Nf3 Bg7 6. Nc3 Qa5 7. Bg2 O-O 8.
O-O c5 9. dxc5 Qxc5 10. Be3 Qb4 11. Qb3 Nc6 12. Nd4 Qxb3 13. axb3 Nxd4 14. Bxd4
a6 15. Bxf6 Bxf6 16. Nd5 Bxb2 17. Nxe7+ Kg7 18. Rab1 Bf6 19. Nxc8 Raxc8 20.
Bxb7 Rc2 21. Bxa6 Ra8 22. Bd3 Rd2 23. Rfd1 Rda2 24. Bc4 R8a7 25. Rd5 Rc7 26.
Rbd1 Raa7 27. e3 Bc3 28. Bb5 Rab7 29. Ba4 Bf6 30. Rd7 Be7 31. Rxc7 Rxc7 32. Kg2
Rc2 33. Bb5 Bc5 34. Kf3 g5 35. g4 Kf6 36. Bc4 Ke7 37. Rd5 Bd6 38. Rxg5 Bxh2 39.
Kg2 h6 40. Rf5 1-0